header

Supervising counsellors (Record no. 110143)

MARC details
000 -LEADER
fixed length control field 01462nam a2200361 a 4500
082 04 - DEWEY DECIMAL CLASSIFICATION NUMBER
Classification number 361/.06/0683
245 00 - TITLE STATEMENT
Title Supervising counsellors
260 ## - PUBLICATION, DISTRIBUTION, ETC. (IMPRINT)
Place of publication London ;
-- Thousand Oaks, Calif. :
Name of publisher SAGE,
Year of publication 2001.
300 ## - PHYSICAL DESCRIPTION
Number of Pages viii, 197 p.
505 0# - FORMATTED CONTENTS NOTE
Formatted contents note pt. 1. Professional issues for the supervision of counsellors : clinical-legal-ethical -- pt. 2. Contexts -- pt. 3. Wider issues.
650 #0 - SUBJECT ADDED ENTRY--TOPICAL TERM
Topical Term Counselors
700 1# - ADDED ENTRY--PERSONAL NAME
Personal name King, David.
Personal name Wheeler, Sue,
856 40 - ELECTRONIC LOCATION AND ACCESS
Uniform Resource Identifier http://site.ebrary.com/lib/rucke/Doc?id=10369728

No items available.

© 2026 Rongo University
Contact us: librarian | system librarian | Rongo university